[Event "Montcalm IV 2008-09"]
[Site "Quebec CAN"]
[Date "2009.01.15"]
[Round "1"]
[White "Cournoyer, Dominic"]
[Black "Imbeault, David"]
[Result "1-0"]
[WhiteElo "1871"]
[BlackElo "1476"]
[PlyCount "93"]
[GameId "2160767910273313"]
[EventDate "2009.01.15"]
[EventType "swiss"]
[EventRounds "5"]
[EventCountry "CAN"]
[SourceTitle "EXT 2011"]
[Source "ChessBase"]
[SourceDate "2011.11.26"]
[SourceVersion "1"]
[SourceVersionDate "2011.11.26"]
[SourceQuality "1"]

1. c4 e5 2. Nc3 Nf6 3. Nf3 Nc6 4. g3 d6 5. Bg2 Be7 6. O-O O-O 7. d4 exd4 8. Nxd4 Nxd4 9. Qxd4 c6 10. Rd1 Qc7 11. Bf4 Rd8 12. Qd3 Be6 13. c5 Ne8 14. Ne4 Bd5 15. Ng5 Bxg5 16. Bxg5 Rd7 17. Bxd5 dxc5 18. Bxf7+ Rxf7 19. Rac1 Qe5 20. Bf4 Qxb2 21. Qc4 Qf6 22. Qxc5 Qe6 23. Qc4 Qxc4 24. Rxc4 Nf6 25. Be5 Re8 26. Bxf6 Rxf6 27. e4 b5 28. Rcd4 Kf8 29. f4 a6 30. e5 Rfe6 31. Rc1 Ke7 32. Kf2 h6 33. h4 Rc8 34. Rc5 Rd8 35. Rxd8 Kxd8 36. f5 Re7 37. e6 Kc7 38. Ke3 Kd6 39. Rc1 c5 40. Ke4 Re8 41. g4 c4 42. g5 hxg5 43. hxg5 Ke7 44. Ke5 Rf8 45. Rd1 c3 46. Rd7+ Ke8 47. Rc7 1-0

[Event "Montcalm IV 2008-09"]
[Site "Quebec CAN"]
[Date "2009.01.15"]
[Round "1"]
[White "Drolet, Stephane"]
[Black "Sauve, Richard"]
[Result "1-0"]
[WhiteElo "2121"]
[BlackElo "2012"]
[PlyCount "59"]
[GameId "2160767910273314"]
[EventDate "2009.01.15"]
[EventType "swiss"]
[EventRounds "5"]
[EventCountry "CAN"]
[SourceTitle "EXT 2011"]
[Source "ChessBase"]
[SourceDate "2011.11.26"]
[SourceVersion "1"]
[SourceVersionDate "2011.11.26"]
[SourceQuality "1"]

1. d4 d5 2. Nf3 Nf6 3. c4 e6 4. Bg5 Be7 5. Nc3 O-O 6. e3 c6 7. Qc2 Nbd7 8. cxd5 exd5 9. Bd3 Re8 10. O-O Nf8 11. Bxf6 Bxf6 12. b4 Bg4 13. Nd2 Qd6 14. Rab1 Bh5 15. Rfc1 Bg6 16. Nb3 Bxd3 17. Qxd3 Nd7 18. Nc5 Rab8 19. Nxd7 Qxd7 20. b5 Rec8 21. bxc6 bxc6 22. Na4 Be7 23. g3 Rxb1 24. Qxb1 Qc7 25. Qc2 h5 26. h4 Bd6 27. Kg2 Kf8 28. Qe2 g6 29. Qa6 c5 30. Nxc5 1-0

[Event "Montcalm IV 2008-09"]
[Site "Quebec CAN"]
[Date "2009.01.15"]
[Round "1"]
[White "Rainfray, Arnaud"]
[Black "Caron, Sebastien"]
[Result "1-0"]
[WhiteElo "2380"]
[BlackElo "1927"]
[PlyCount "99"]
[GameId "2160767910273315"]
[EventDate "2009.01.15"]
[EventType "swiss"]
[EventRounds "5"]
[EventCountry "CAN"]
[SourceTitle "EXT 2011"]
[Source "ChessBase"]
[SourceDate "2011.11.26"]
[SourceVersion "1"]
[SourceVersionDate "2011.11.26"]
[SourceQuality "1"]

1. e4 e5 2. Bc4 Nf6 3. d3 Be7 4. Nc3 d6 5. f4 Nc6 6. Nf3 a6 7. a3 O-O 8. O-O Bg4 9. h3 Bxf3 10. Qxf3 exf4 11. Qxf4 Ne5 12. Ba2 Ng6 13. Qf2 c6 14. Bg5 Qe8 15. Qd2 Nd7 16. Rf5 Kh8 17. Raf1 f6 18. Be3 Bd8 19. Qe2 Nge5 20. d4 g6 21. R5f4 Nf7 22. Qf2 Kg7 23. h4 h6 24. Ne2 d5 25. exd5 Nd6 26. dxc6 bxc6 27. Ng3 Nb6 28. Re1 Qd7 29. Bd2 Re8 30. Rxe8 Qxe8 31. Rg4 Kh7 32. Qf4 Qf8 33. Bb4 Be7 34. Ne4 f5 35. Ng5+ Bxg5 36. Rxg5 hxg5 37. hxg5 Nd5 38. Qh2+ Kg8 39. Bxd6 Qd8 40. Qe5 Qxg5 41. Bxd5+ cxd5 42. Qxd5+ Kg7 43. Qb7+ Kh6 44. Qxa8 Qe3+ 45. Kh2 f4 46. Qh8+ Kg5 47. Qe5+ Kg4 48. Qxe3 fxe3 49. Bg3 Kf5 50. d5 1-0

[Event "Montcalm IV 2008-09"]
[Site "Quebec CAN"]
[Date "2009.01.22"]
[Round "2"]
[White "Caire, Francois"]
[Black "Drolet, Stephane"]
[Result "1-0"]
[WhiteElo "2219"]
[BlackElo "2121"]
[PlyCount "81"]
[GameId "2160767910273316"]
[EventDate "2009.01.15"]
[EventType "swiss"]
[EventRounds "5"]
[EventCountry "CAN"]
[SourceTitle "EXT 2011"]
[Source "ChessBase"]
[SourceDate "2011.11.26"]
[SourceVersion "1"]
[SourceVersionDate "2011.11.26"]
[SourceQuality "1"]

1. d4 e6 2. e3 f5 3. Bd3 Nf6 4. c4 g6 5. Nc3 Bg7 6. Nf3 d6 7. e4 Nc6 8. exf5 exf5 9. O-O O-O 10. Re1 a5 11. d5 Nb4 12. Bf1 Re8 13. Be3 Ne4 14. Nxe4 Rxe4 15. a3 Na6 16. Rb1 Nc5 17. b4 axb4 18. axb4 Na4 19. Qb3 Bd7 20. Bd3 Re8 21. Bg5 Rxe1+ 22. Rxe1 Bf6 23. h4 Qf8 24. Bc2 Nc3 25. Bxf6 Qxf6 26. Re3 Ne4 27. Bxe4 fxe4 28. Rxe4 Bf5 29. Re1 Bg4 30. Ng5 h6 31. Qg3 Ra1 32. Rxa1 Qxa1+ 33. Kh2 hxg5 34. Qxg4 Qe5+ 35. f4 gxf4 36. Qxg6+ Kf8 37. Qg5 Qe3 38. h5 b5 39. cxb5 Qe4 40. Qf6+ Kg8 41. Qe6+ 1-0

[Event "Montcalm IV 2008-09"]
[Site "Quebec CAN"]
[Date "2009.01.22"]
[Round "2"]
[White "Laferriere, Mathieu"]
[Black "Cournoyer, Dominic"]
[Result "1/2-1/2"]
[WhiteElo "1561"]
[BlackElo "1871"]
[PlyCount "100"]
[GameId "2160767910273317"]
[EventDate "2009.01.15"]
[EventType "swiss"]
[EventRounds "5"]
[EventCountry "CAN"]
[SourceTitle "EXT 2011"]
[Source "ChessBase"]
[SourceDate "2011.11.26"]
[SourceVersion "1"]
[SourceVersionDate "2011.11.26"]
[SourceQuality "1"]

1. e4 d5 2. exd5 Nf6 3. Nc3 Nxd5 4. Bc4 Nxc3 5. Qf3 e6 6. Qxc3 Nc6 7. Nf3 Qf6 8. Qxf6 gxf6 9. d4 Bd6 10. Be3 Bd7 11. O-O-O Rg8 12. g3 Na5 13. Be2 Bc6 14. Rhe1 Nc4 15. Nd2 Nxe3 16. fxe3 Rg6 17. Rf1 f5 18. Nc4 Rh6 19. Nxd6+ cxd6 20. Rf2 Ke7 21. Bd3 Rg8 22. Rdf1 f6 23. Kd2 Rh3 24. Re1 Be4 25. Bf1 Rh6 26. c4 Rc8 27. b4 b6 28. a3 Rg6 29. Rc1 Rgg8 30. Be2 Rgd8 31. Rf4 Kf7 32. Rh4 Kg7 33. Bd3 Bxd3 34. Kxd3 Rc7 35. Rf4 Kg6 36. Rf2 Rdc8 37. Rfc2 Kf7 38. c5 dxc5 39. bxc5 Ke7 40. Rc4 bxc5 41. Rxc5 Kd6 42. Rxc7 Rxc7 43. Rxc7 Kxc7 44. Kc4 Kc6 45. a4 a5 46. h4 h5 47. Kc3 Kd5 48. Kd3 Kd6 49. Kc4 Kc6 50. Kc3 Kd5 1/2-1/2

[Event "Montcalm IV 2008-09"]
[Site "Quebec CAN"]
[Date "2009.01.22"]
[Round "2"]
[White "Perron, Jonathan"]
[Black "Caron, Sebastien"]
[Result "1-0"]
[WhiteElo "1894"]
[BlackElo "1927"]
[PlyCount "89"]
[GameId "2160767910273318"]
[EventDate "2009.01.15"]
[EventType "swiss"]
[EventRounds "5"]
[EventCountry "CAN"]
[SourceTitle "EXT 2011"]
[Source "ChessBase"]
[SourceDate "2011.11.26"]
[SourceVersion "1"]
[SourceVersionDate "2011.11.26"]
[SourceQuality "1"]

1. e4 c5 2. Nf3 d6 3. Bb5+ Bd7 4. Bxd7+ Qxd7 5. c4 Nc6 6. d4 cxd4 7. Nxd4 Nf6 8. Nc3 e6 9. Bg5 Be7 10. O-O O-O 11. f3 Rac8 12. Be3 Qd8 13. b3 a6 14. a4 Nd7 15. Nxc6 Rxc6 16. Bd4 Bf6 17. Bxf6 Qxf6 18. Qc2 Ne5 19. Rad1 Rfc8 20. Ne2 b5 21. Nd4 Rc5 22. axb5 axb5 23. f4 Ng6 24. f5 exf5 25. Nxf5 Qg5 26. Nxd6 R8c7 27. Rf5 Rxf5 28. exf5 Nh4 29. Nxb5 Rc8 30. Qe2 Qxf5 31. Nd6 Qc5+ 32. Qf2 Qxf2+ 33. Kxf2 Rd8 34. c5 Nf5 35. b4 Kf8 36. b5 Nxd6 37. Rxd6 Rc8 38. Rd5 Ke7 39. c6 Ke6 40. Rd7 Rb8 41. Rb7 Ra8 42. c7 Kd7 43. b6 Ra2+ 44. Kf3 h5 45. Rb8 1-0

[Event "Montcalm IV 2008-09"]
[Site "Quebec CAN"]
[Date "2009.01.22"]
[Round "2"]
[White "Sauve, Richard"]
[Black "Rainfray, Arnaud"]
[Result "0-1"]
[WhiteElo "2012"]
[BlackElo "2380"]
[PlyCount "114"]
[GameId "2160767910273319"]
[EventDate "2009.01.15"]
[EventType "swiss"]
[EventRounds "5"]
[EventCountry "CAN"]
[SourceTitle "EXT 2011"]
[Source "ChessBase"]
[SourceDate "2011.11.26"]
[SourceVersion "1"]
[SourceVersionDate "2011.11.26"]
[SourceQuality "1"]

1. d4 d5 2. c4 e6 3. Nc3 c5 4. cxd5 cxd4 5. Qa4+ Bd7 6. Qxd4 exd5 7. Qxd5 Nc6 8. Nf3 Nf6 9. Qd1 Bc5 10. Bg5 Qb6 11. e3 Qxb2 12. Bxf6 gxf6 13. Rc1 Bf5 14. Qd2 Ba3 15. Rd1 Qxd2+ 16. Nxd2 Bc2 17. Nb5 Bxd1 18. Kxd1 Bb4 19. Nc7+ Ke7 20. Nxa8 Rd8 21. Kc2 Rxd2+ 22. Kb3 Ba5 23. Bb5 Rxf2 24. Bxc6 bxc6 25. Rc1 Kd7 26. Rc5 Bd8 27. Rh5 Re2 28. Rxh7 Rxe3+ 29. Kc4 Ke7 30. Rg7 Kf8 31. Rg4 f5 32. Rd4 Re4 33. h4 Ke8 34. h5 Ke7 35. Kd3 Rxd4+ 36. Kxd4 Kd6 37. a4 c5+ 38. Kc4 Kc6 39. h6 a5 40. h7 Bf6 41. Nc7 Kxc7 42. Kxc5 f4 43. Kb5 Kd6 44. Kxa5 Kc5 45. Ka6 Kb4 46. a5 Bd4 47. Kb7 Kxa5 48. Kc6 Kb4 49. Kd5 Bg7 50. Ke4 Kc5 51. Kxf4 Kd6 52. Kf5 Ke7 53. g4 Kf8 54. g5 Ke7 55. g6 f6 56. Kf4 Ke6 57. Kg4 Ke5 0-1

[Event "Montcalm IV 2008-09"]
[Site "Quebec CAN"]
[Date "2009.01.29"]
[Round "3"]
[White "Caron, Sebastien"]
[Black "Sauve, Richard"]
[Result "1/2-1/2"]
[WhiteElo "1927"]
[BlackElo "2012"]
[PlyCount "114"]
[GameId "2160767910273320"]
[EventDate "2009.01.15"]
[EventType "swiss"]
[EventRounds "5"]
[EventCountry "CAN"]
[SourceTitle "EXT 2011"]
[Source "ChessBase"]
[SourceDate "2011.11.26"]
[SourceVersion "1"]
[SourceVersionDate "2011.11.26"]
[SourceQuality "1"]

1. e4 e6 2. d4 d5 3. Nc3 Bb4 4. e5 c5 5. Bd2 cxd4 6. Nb5 Bc5 7. Qg4 Ne7 8. b4 a6 9. bxc5 axb5 10. Bxb5+ Bd7 11. Bd3 Nbc6 12. Nf3 Ng6 13. O-O Qe7 14. Bxg6 hxg6 15. Nxd4 Nxe5 16. Qg3 Nc4 17. Bb4 Bc6 18. Rfe1 O-O-O 19. Reb1 Qh4 20. Nxc6 bxc6 21. Be1 Qxg3 22. hxg3 Kc7 23. Rb3 Ra8 24. a3 Ra7 25. Bb4 Rha8 26. f3 Na5 27. Rd3 Nc4 28. Rb3 Kd7 29. Kf2 e5 30. Rc3 f6 31. Rd3 f5 32. Ke2 e4 33. Rc3 Ke6 34. f4 Nb2 35. Rb3 Na4 36. Ke3 Rh8 37. Rg1 Rh5 38. Rbb1 g5 39. Kd4 gxf4 40. gxf4 g5 41. Bd2 g4 42. Rh1 Rxh1 43. Rxh1 Rf7 44. Rb1 Rh7 45. Rb4 Ra7 46. Rb1 Kf6 47. Rb8 Re7 48. Rb4 e3 49. Bxe3 Nxc5 50. Kxc5 Rxe3 51. Rb3 Re2 52. Kxc6 Rxc2+ 53. Kxd5 Rd2+ 54. Kc5 Rxg2 55. Rb6+ Ke7 56. Rb7+ Ke6 57. Rb6+ Ke7 1/2-1/2

[Event "Montcalm IV 2008-09"]
[Site "Quebec CAN"]
[Date "2009.01.29"]
[Round "3"]
[White "Cournoyer, Dominic"]
[Black "Dube, Daniel"]
[Result "1-0"]
[WhiteElo "1871"]
[BlackElo "1761"]
[PlyCount "113"]
[GameId "2160767910273321"]
[EventDate "2009.01.15"]
[EventType "swiss"]
[EventRounds "5"]
[EventCountry "CAN"]
[SourceTitle "EXT 2011"]
[Source "ChessBase"]
[SourceDate "2011.11.26"]
[SourceVersion "1"]
[SourceVersionDate "2011.11.26"]
[SourceQuality "1"]

1. c4 e5 2. Nc3 Nf6 3. Nf3 Nc6 4. g3 Nd4 5. Bg2 Nxf3+ 6. Bxf3 Bb4 7. Nd5 Nxd5 8. cxd5 Bc5 9. Qc2 d6 10. O-O Bh3 11. Rd1 O-O 12. b3 f5 13. Bb2 f4 14. d4 exd4 15. Bxd4 fxg3 16. hxg3 Bxd4 17. Rxd4 Qf6 18. Rad1 Qe5 19. Qxc7 Rf7 20. Qc2 Bf5 21. Qd2 Bg6 22. Rc1 Raf8 23. Rc3 Bh5 24. Re4 Qf5 25. Rf4 Qg5 26. Rd4 Qxd2 27. Rxd2 Bxf3 28. exf3 Rxf3 29. Rc7 R3f7 30. Rc4 Re7 31. Rdc2 Rfe8 32. f4 Re2 33. Kf1 Rxc2 34. Rxc2 Re7 35. Kf2 Kf7 36. Kf3 Kf6 37. Rc8 h6 38. Rd8 Rc7 39. Rxd6+ Ke7 40. Re6+ Kf7 41. Re3 Rc2 42. a4 Rd2 43. Ke4 g6 44. Rd3 Re2+ 45. Kd4 g5 46. fxg5 hxg5 47. Re3 Rd2+ 48. Kc5 Rc2+ 49. Kd6 Kf8 50. Kd7 Kf7 51. d6 g4 52. Kd8 a6 53. d7 b5 54. Re4 bxa4 55. Rxa4 Rc3 56. Rc4 Rd3 57. Kc7 1-0

[Event "Montcalm IV 2008-09"]
[Site "Quebec CAN"]
[Date "2009.01.29"]
[Round "3"]
[White "Drolet, Stephane"]
[Black "Perron, Jonathan"]
[Result "1/2-1/2"]
[WhiteElo "2121"]
[BlackElo "1894"]
[PlyCount "71"]
[GameId "2160767910273322"]
[EventDate "2009.01.15"]
[EventType "swiss"]
[EventRounds "5"]
[EventCountry "CAN"]
[SourceTitle "EXT 2011"]
[Source "ChessBase"]
[SourceDate "2011.11.26"]
[SourceVersion "1"]
[SourceVersionDate "2011.11.26"]
[SourceQuality "1"]

1. d4 Nf6 2. Nf3 e6 3. Bg5 h6 4. Bh4 d6 5. c4 Nbd7 6. Nc3 g5 7. Bg3 Bg7 8. e4 Nh5 9. d5 Nxg3 10. hxg3 Bxc3+ 11. bxc3 e5 12. g4 Nc5 13. Nd2 Qf6 14. Be2 Bd7 15. g3 a5 16. Qb1 Qg6 17. Rh5 Ra6 18. f3 Rb6 19. Qc2 O-O 20. Rh3 Ra8 21. Kf2 Ba4 22. Qc1 Kg7 23. Rb1 Raa6 24. Rxb6 Rxb6 25. Qa3 Qf6 26. Kg2 Bc2 27. Nf1 Bd3 28. Ne3 Bxe2 29. Nf5+ Kh7 30. Qxa5 Na6 31. Qa4 Qd8 32. Rxh6+ Kg8 33. Qa3 Rb1 34. Qa4 c6 35. c5 Nxc5 36. Qa7 1/2-1/2

[Event "Montcalm IV 2008-09"]
[Site "Quebec CAN"]
[Date "2009.01.29"]
[Round "3"]
[White "Fortier, Bertrand"]
[Black "Oliver, Vance"]
[Result "0-1"]
[WhiteElo "1728"]
[BlackElo "1545"]
[PlyCount "84"]
[GameId "2160767910273323"]
[EventDate "2009.01.15"]
[EventType "swiss"]
[EventRounds "5"]
[EventCountry "CAN"]
[SourceTitle "EXT 2011"]
[Source "ChessBase"]
[SourceDate "2011.11.26"]
[SourceVersion "1"]
[SourceVersionDate "2011.11.26"]
[SourceQuality "1"]

1. d4 d6 2. c4 Nf6 3. Nc3 g6 4. e4 Bg7 5. h3 c5 6. Be3 cxd4 7. Bxd4 Nc6 8. Be3 Qa5 9. Qd2 a6 10. Nf3 O-O 11. Be2 b5 12. cxb5 axb5 13. Nxb5 Qxd2+ 14. Nxd2 Ra4 15. Nc3 Rb4 16. Rb1 Nd4 17. Bxd4 Rxd4 18. b4 Bh6 19. Nf3 Nxe4 20. Nxd4 Bd2+ 21. Kf1 Bxc3 22. Nf3 Bb7 23. Bd3 Nf6 24. Rb3 Rc8 25. Kg1 e5 26. Nh2 e4 27. Bf1 h5 28. a4 Nd5 29. b5 Rc5 30. h4 Kg7 31. g4 Nf4 32. Nf3 exf3 33. Rxc3 Rxc3 34. a5 hxg4 35. a6 Ne2+ 36. Kh2 g3+ 37. fxg3 Bd5 38. b6 Rc2 39. Bxe2 Rxe2+ 40. Kh3 Be6+ 41. g4 Rg2 42. h5 g5 0-1

[Event "Montcalm IV 2008-09"]
[Site "Quebec CAN"]
[Date "2009.01.29"]
[Round "3"]
[White "Rainfray, Arnaud"]
[Black "Caire, Francois"]
[Result "1-0"]
[WhiteElo "2380"]
[BlackElo "2219"]
[PlyCount "73"]
[GameId "2160767910273324"]
[EventDate "2009.01.15"]
[EventType "swiss"]
[EventRounds "5"]
[EventCountry "CAN"]
[SourceTitle "EXT 2011"]
[Source "ChessBase"]
[SourceDate "2011.11.26"]
[SourceVersion "1"]
[SourceVersionDate "2011.11.26"]
[SourceQuality "1"]

1. e4 c5 2. Nf3 Nc6 3. Bb5 g6 4. Bxc6 dxc6 5. h3 Bg7 6. d3 b6 7. O-O Nh6 8. Nc3 O-O 9. Re1 Qc7 10. Bd2 f6 11. a3 Nf7 12. b4 cxb4 13. axb4 e5 14. Ra3 Re8 15. Na4 Bf8 16. Ra1 b5 17. Nc3 Bb7 18. Qb1 a6 19. Qb3 Rad8 20. Be3 c5 21. bxc5 Bxc5 22. Nd5 Bxd5 23. exd5 Bxe3 24. Rxe3 Rd6 25. c4 Rb8 26. Rb1 Rbb6 27. Qa2 b4 28. Nd2 Rd8 29. Nb3 Rbb8 30. Qxa6 Nd6 31. Qa5 Rdc8 32. Ree1 Qd7 33. Nc5 Qf5 34. Rxb4 Ra8 35. Qb6 Ra2 36. Ne4 Nxe4 37. dxe4 1-0

[Event "Montcalm IV 2008-09"]
[Site "Quebec CAN"]
[Date "2009.02.05"]
[Round "4"]
[White "Caire, Francois"]
[Black "Caron, Sebastien"]
[Result "1-0"]
[WhiteElo "2219"]
[BlackElo "1927"]
[PlyCount "39"]
[GameId "2160767910273325"]
[EventDate "2009.01.15"]
[EventType "swiss"]
[EventRounds "5"]
[EventCountry "CAN"]
[SourceTitle "EXT 2011"]
[Source "ChessBase"]
[SourceDate "2011.11.26"]
[SourceVersion "1"]
[SourceVersionDate "2011.11.26"]
[SourceQuality "1"]

1. e4 c5 2. Nf3 d6 3. d4 cxd4 4. Nxd4 Nf6 5. Nc3 a6 6. Bg5 e6 7. f4 b5 8. e5 dxe5 9. fxe5 Qc7 10. Qe2 Nfd7 11. O-O-O Bb7 12. Nf5 exf5 13. e6 Nf6 14. Bxf6 gxf6 15. Qh5 Bg7 16. Bxb5+ Bc6 17. exf7+ Kf8 18. Rhe1 Bh6+ 19. Qxh6+ Kxf7 20. Bc4+ 1-0

[Event "Montcalm IV 2008-09"]
[Site "Quebec CAN"]
[Date "2009.02.05"]
[Round "4"]
[White "Drolet, Stephane"]
[Black "Rainfray, Arnaud"]
[Result "0-1"]
[WhiteElo "2121"]
[BlackElo "2380"]
[PlyCount "48"]
[GameId "2160767910273326"]
[EventDate "2009.01.15"]
[EventType "swiss"]
[EventRounds "5"]
[EventCountry "CAN"]
[SourceTitle "EXT 2011"]
[Source "ChessBase"]
[SourceDate "2011.11.26"]
[SourceVersion "1"]
[SourceVersionDate "2011.11.26"]
[SourceQuality "1"]

1. Nf3 c5 2. g3 d5 3. Bg2 Nc6 4. O-O Nf6 5. d3 g6 6. Nbd2 Bg7 7. e4 O-O 8. Re1 h6 9. a3 Be6 10. Nh4 Qc7 11. exd5 Bxd5 12. Ne4 Nxe4 13. Bxe4 Rad8 14. Bd2 Bxe4 15. Rxe4 f5 16. Re6 g5 17. Bc3 gxh4 18. Qh5 Nd4 19. Bxd4 Rxd4 20. Rae1 hxg3 21. hxg3 Rf7 22. Qe2 Rd6 23. Rxd6 Qxd6 24. Qf3 e6 0-1

[Event "Montcalm IV 2008-09"]
[Site "Quebec CAN"]
[Date "2009.02.05"]
[Round "4"]
[White "Fortier, Bertrand"]
[Black "Cournoyer, Dominic"]
[Result "0-1"]
[WhiteElo "1728"]
[BlackElo "1871"]
[PlyCount "65"]
[GameId "2160767910273327"]
[EventDate "2009.01.15"]
[EventType "swiss"]
[EventRounds "5"]
[EventCountry "CAN"]
[SourceTitle "EXT 2011"]
[Source "ChessBase"]
[SourceDate "2011.11.26"]
[SourceVersion "1"]
[SourceVersionDate "2011.11.26"]
[SourceQuality "1"]

1. Nf3 d5 2. d4 Nf6 3. g3 e6 4. Bg2 Bd6 5. c4 c6 6. cxd5 exd5 7. O-O O-O 8. Nc3 Bf5 9. Bg5 h6 10. Bxf6 Qxf6 11. Nh4 Bh7 12. e4 dxe4 13. Bxe4 Na6 14. Bxh7+ Kxh7 15. Ne4 Qe6 16. Qf3 Rad8 17. Rfe1 Qd5 18. Nf5 Bb4 19. Nf6+ gxf6 20. Qh5 Bd2 21. Re3 Bxe3 22. fxe3 Qxf5 23. Qxf5+ Kg7 24. Rf1 Rd6 25. Rf4 Nc7 26. e4 Re8 27. e5 Rde6 28. Qg4+ Kf8 29. Rxf6 Nd5 30. Rxh6 Rxh6 31. Qg5 Rg6 32. Qf5 Rd8 33. Qf2 0-1

[Event "Montcalm IV 2008-09"]
[Site "Quebec CAN"]
[Date "2009.02.05"]
[Round "4"]
[White "Perron, Jonathan"]
[Black "Sauve, Richard"]
[Result "1-0"]
[WhiteElo "1894"]
[BlackElo "2012"]
[PlyCount "77"]
[GameId "2160767910273328"]
[EventDate "2009.01.15"]
[EventType "swiss"]
[EventRounds "5"]
[EventCountry "CAN"]
[SourceTitle "EXT 2011"]
[Source "ChessBase"]
[SourceDate "2011.11.26"]
[SourceVersion "1"]
[SourceVersionDate "2011.11.26"]
[SourceQuality "1"]

1. e4 e6 2. d4 d5 3. Nd2 Nf6 4. e5 Nfd7 5. Ngf3 c5 6. c3 Nc6 7. Bd3 g6 8. O-O Bg7 9. Re1 O-O 10. Bb5 cxd4 11. cxd4 Qb6 12. Bxc6 bxc6 13. b3 Bb7 14. Bb2 c5 15. dxc5 Qxc5 16. Rc1 Qa5 17. a3 Rfc8 18. b4 Qa6 19. Qb3 Bc6 20. Qe3 Ba4 21. Ng5 h6 22. Ngf3 Bc2 23. Qf4 Qd3 24. h4 Ba4 25. Re3 Rxc1+ 26. Bxc1 Qa6 27. h5 Nf8 28. hxg6 Nxg6 29. Qg4 Rc8 30. Bb2 Rc2 31. Bd4 Rc1+ 32. Kh2 Bd1 33. Bc5 Ra1 34. Qd4 Rxa3 35. b5 Rxe3 36. bxa6 Rxf3 37. Nxf3 Bxf3 38. Bd6 Be2 39. Qxa7 1-0

[Event "Montcalm IV 2008-09"]
[Site "Quebec CAN"]
[Date "2009.02.12"]
[Round "5"]
[White "Cournoyer, Dominic"]
[Black "Oliver, Vance"]
[Result "1-0"]
[WhiteElo "1871"]
[BlackElo "1545"]
[PlyCount "63"]
[GameId "2160767910273329"]
[EventDate "2009.01.15"]
[EventType "swiss"]
[EventRounds "5"]
[EventCountry "CAN"]
[SourceTitle "EXT 2011"]
[Source "ChessBase"]
[SourceDate "2011.11.26"]
[SourceVersion "1"]
[SourceVersionDate "2011.11.26"]
[SourceQuality "1"]

1. c4 e6 2. Nf3 Nf6 3. Nc3 c6 4. e3 d5 5. b3 Bd6 6. Bb2 O-O 7. Be2 Nbd7 8. d4 Ne4 9. O-O b6 10. Qc2 f5 11. Bd3 Rf7 12. Ne2 g5 13. Ne5 Nxe5 14. dxe5 Be7 15. Nd4 Bd7 16. a3 Qf8 17. b4 g4 18. b5 Rc8 19. Qe2 c5 20. Nb3 dxc4 21. Bxc4 Qh6 22. Rad1 Bg5 23. Nd2 g3 24. hxg3 Nxf2 25. Kxf2 f4 26. exf4 Rcf8 27. Kg1 Be7 28. Ne4 Rf5 29. Rxd7 Rh5 30. Nf6+ Rxf6 31. exf6 Rh1+ 32. Kf2 1-0

[Event "Montcalm IV 2008-09"]
[Site "Quebec CAN"]
[Date "2009.02.12"]
[Round "5"]
[White "Rainfray, Arnaud"]
[Black "Perron, Jonathan"]
[Result "1-0"]
[WhiteElo "2380"]
[BlackElo "1894"]
[PlyCount "75"]
[GameId "2160767910273330"]
[EventDate "2009.01.15"]
[EventType "swiss"]
[EventRounds "5"]
[EventCountry "CAN"]
[SourceTitle "EXT 2011"]
[Source "ChessBase"]
[SourceDate "2011.11.26"]
[SourceVersion "1"]
[SourceVersionDate "2011.11.26"]
[SourceQuality "1"]

1. e4 c5 2. Nf3 e6 3. c3 d5 4. exd5 Qxd5 5. d4 Nf6 6. Bd3 Nc6 7. O-O Be7 8. a3 O-O 9. c4 Qh5 10. dxc5 e5 11. Nc3 Bg4 12. Ne4 Bxf3 13. Nxf6+ gxf6 14. Qxf3 Qxf3 15. gxf3 Bxc5 16. b4 Bd4 17. Rb1 b6 18. Bh6 Rfd8 19. Kh1 Ne7 20. h4 Kh8 21. Be4 Rac8 22. Rbc1 f5 23. Bg5 fxe4 24. Bf6+ Kg8 25. Bxe7 f5 26. Bxd8 Rxd8 27. fxe4 Bb2 28. Rb1 Rd2 29. exf5 Kf7 30. Rbd1 Rxd1 31. Rxd1 Bxa3 32. b5 Kf6 33. Rd7 Bc5 34. Kg2 h5 35. Rxa7 Kxf5 36. Rc7 Bd4 37. c5 bxc5 38. b6 1-0

[Event "Montcalm IV 2008-09"]
[Site "Quebec CAN"]
[Date "2009.02.12"]
[Round "5"]
[White "Sauve, Richard"]
[Black "Caire, Francois"]
[Result "0-1"]
[WhiteElo "2012"]
[BlackElo "2219"]
[PlyCount "68"]
[GameId "2160767910273331"]
[EventDate "2009.01.15"]
[EventType "swiss"]
[EventRounds "5"]
[EventCountry "CAN"]
[SourceTitle "EXT 2011"]
[Source "ChessBase"]
[SourceDate "2011.11.26"]
[SourceVersion "1"]
[SourceVersionDate "2011.11.26"]
[SourceQuality "1"]

1. d4 d5 2. c4 e6 3. Nc3 c6 4. Nf3 dxc4 5. a4 Bb4 6. e3 b5 7. Bd2 a5 8. axb5 Bxc3 9. Bxc3 cxb5 10. b3 Bb7 11. d5 Nf6 12. bxc4 b4 13. Qa4+ Nbd7 14. Bxf6 Qxf6 15. Nd4 Qe7 16. c5 Qxc5 17. Bb5 Qe7 18. dxe6 fxe6 19. O-O Rd8 20. Qxa5 O-O 21. Bc4 Nc5 22. Qxb4 Qg5 23. g3 Qh5 24. Nxe6 Kh8 25. Nxc5 Bf3 26. Rfc1 Bc6 27. Ra6 Rxf2 28. Kxf2 Qf3+ 29. Ke1 Qxe3+ 30. Be2 Qxc1+ 31. Kf2 Rf8+ 32. Bf3 Rxf3+ 33. Ke2 Qf1+ 34. Kd2 Qg2+ 0-1

[Event "Montcalm V 2008-09"]
[Site "Quebec CAN"]
[Date "2009.02.19"]
[Round "1"]
[White "Cummins, Paul"]
[Black "Perron, Jonathan"]
[Result "0-1"]
[WhiteElo "1687"]
[BlackElo "1951"]
[PlyCount "105"]
[GameId "2160767910260633"]
[EventDate "2009.02.19"]
[EventType "swiss"]
[EventRounds "5"]
[EventCountry "CAN"]

1. d4 Nf6 2. Bg5 e6 3. e4 h6 4. Bxf6 Qxf6 5. Nf3 d5 6. e5 Qd8 7. Bd3 c5 8. c3 Be7 9. O-O O-O 10. Qe2 Nc6 11. dxc5 Bxc5 12. Nbd2 f6 13. b4 Bb6 14. b5 Nxe5 15. Nxe5 fxe5 16. Qxe5 Bc7 17. Qh5 e5 18. Rae1 e4 19. Nxe4 dxe4 20. Bxe4 Qd6 21. c4 Bb6 22. Bd5+ Kh8 23. Re8 Bd7 24. Rxa8 Rxa8 25. Bxb7 Rf8 26. Bf3 Rf5 27. Qh4 Be6 28. Qe4 Rf4 29. Qa8+ Kh7 30. Be4+ g6 31. g3 Rf8 32. Qb7+ Rf7 33. Qc6 Qxc6 34. bxc6 Bxc4 35. Rd1 Rxf2 36. Kh1 Rf1+ 37. Rxf1 Bxf1 38. h4 Kg7 39. Bf3 Kf6 40. Be4 Bc4 41. a3 Be6 42. Kg2 Bf5 43. Bd5 Ke5 44. Bb3 Be4+ 45. Kf1 Bxc6 46. Ke2 Bc5 47. a4 a5 48. Kd3 Bf2 49. g4 Bxh4 50. Bd1 Bd5 51. Ke3 Bg5+ 52. Kd3 Kf4 53. Kd4 0-1